| 000 | 00502nam a2200181Ia 4500 | ||
|---|---|---|---|
| 999 |
_c24710 _d24710 |
||
| 003 | OSt | ||
| 005 | 20201231122928.0 | ||
| 008 | 190216s9999||||xx |||||||||||||| ||und|| | ||
| 020 | _a9788177970319 | ||
| 040 | _coclc | ||
| 082 |
_bSUK/P _a894.8127 |
||
| 100 |
_aSukumar _96626 |
||
| 245 | 0 |
_aPothujanam Palavidham / _cSukumar |
|
| 260 |
_bSiso Books, _aThiruvananthapuram: |
||
| 300 | _a414p | ||
| 650 | _aNovel Malayalam | ||
| 942 |
_cBK _2ddc _h894.8127 _iSUK/P _k894.8127 _mSUK/P |
||